[Event "Offene Thüringer Seniorenmeisterschaft"]
[Site "Apolda"]
[Date "2024.02.20"]
[Round "5.27"]
[White "Mankus, Siegfried"]
[Black "Lindner, Helmut"]
[Result "0-1"]
[WhiteElo "1522"]
[BlackElo "1804"]
[PlyCount "86"]
[EventDate "2024.??.??"]
[WhiteTeam "Spvg Zabo-Eintracht Nürnberg e.V"]
[BlackTeam "SC Prichsenstadt"]

1. d4 d5 2. Nf3 Nf6 3. e3 b6 4. Bd3 e6 5. Nbd2 Be7 6. O-O O-O 7. Ne5 Bb7 8. b3
Nbd7 9. Bb2 Rc8 10. Rc1 c5 11. c4 Rc7 12. Qe2 Qa8 13. Ndf3 Rd8 14. Nxd7 Rcxd7
15. Ne5 Rc7 16. f3 Nd7 17. Rfd1 Bg5 18. f4 Be7 19. Bxh7+ Kf8 20. Nxf7 Kxf7 21.
Qh5+ Kf8 22. dxc5 Bf6 23. Bxf6 Nxf6 24. Qh3 Nxh7 25. Qxh7 bxc5 26. Qh8+ Kf7 27.
Qh5+ Kg8 28. Qe5 Qc8 29. cxd5 Rxd5 30. Rxd5 exd5 31. f5 Qd8 32. Qe6+ Kh8 33.
Qg6 Qf8 34. g4 Rc6 35. Qg5 Rh6 36. Rf1 Qd6 37. Qf4 Qc6 38. Qf3 Qd7 39. Re1 d4
40. e4 d3 41. g5 d2 42. Rd1 Qd4+ 43. Qf2 Qxe4 0-1

[Event "Offene Thüringer Seniorenmeisterschaft"]
[Site "Apolda"]
[Date "2024.02.21"]
[Round "6.1"]
[White "Belke, Frank"]
[Black "Brandes, Stephan"]
[Result "1/2-1/2"]
[WhiteElo "2144"]
[BlackElo "2128"]
[PlyCount "153"]
[EventDate "2024.??.??"]
[WhiteTeam "SK Hitzing-Wien"]
[BlackTeam "Hildesheimer SV"]

1. d4 Nf6 2. c4 e5 3. dxe5 Ne4 4. Nf3 Bb4+ 5. Nbd2 Nc6 6. a3 Bxd2+ 7. Nxd2 Nxd2
8. Bxd2 Nxe5 9. Bc3 d6 10. e3 O-O 11. Be2 Qg5 12. g3 Qg6 13. Qd4 Bg4 14. Bxg4
Qxg4 15. Qxg4 Nxg4 16. Rd1 f6 17. Ke2 Ne5 18. b3 a5 19. Rd5 b6 20. Rb1 Rfe8 21.
h3 Kf7 22. g4 h6 23. f3 Re7 24. Kf2 Nd7 25. e4 Ree8 26. h4 Ne5 27. Rg1 g5 28.
Rh1 Rh8 29. Ke3 a4 30. Bxe5 fxe5 31. b4 h5 32. c5 bxc5 33. bxc5 hxg4 34. cxd6
cxd6 35. h5 gxf3 36. Kxf3 Raf8 37. Ra5 Ke6+ 38. Ke3 g4 39. Rxa4 Rf3+ 40. Ke2
Rh3 41. Rg1 Rh2+ 42. Kd1 R8xh5 43. Rc4 Ra2 44. Rc2 Ra1+ 45. Rc1 Rxa3 46. Rxg4
Rh1+ 47. Kc2 Rxc1+ 48. Kxc1 Rd3 49. Kc2 Rd4 50. Kc3 Kd7 51. Rh4 Kc6 52. Rg4 Kc5
53. Rh4 d5 54. Rh8 Rxe4 55. Rc8+ Kd6 56. Rd8+ Ke6 57. Kd3 Ra4 58. Re8+ Kf5 59.
Rf8+ Kg4 60. Ke2 Ra2+ 61. Kd3 e4+ 62. Ke3 Ra3+ 63. Ke2 d4 64. Rg8+ Kf5 65. Rf8+
Kg6 66. Rg8+ Kf7 67. Rg4 Re3+ 68. Kd2 Ke6 69. Rh4 Kd5 70. Rh8 Rd3+ 71. Ke2 Rb3
72. Rd8+ Kc4 73. Rc8+ Kb4 74. Rb8+ Kc3 75. Rc8+ Kb2 76. Rc4 d3+ 77. Kd2 1/2-1/2

[Event "Offene Thüringer Seniorenmeisterschaft"]
[Site "Apolda"]
[Date "2024.02.21"]
[Round "6.2"]
[White "Cap, Piotr"]
[Black "Brüggemann, Joachim"]
[Result "1-0"]
[WhiteElo "2105"]
[BlackElo "2277"]
[PlyCount "73"]
[EventDate "2024.??.??"]
[WhiteTeam "RPW Okucia Budowlane Lodz"]
[BlackTeam "Erfurter SK"]

1. d4 Nf6 2. Bg5 e6 3. e4 h6 4. Bxf6 Qxf6 5. c3 d6 6. Bd3 Qg5 7. g3 g6 8. f4
Qe7 9. Nf3 Bg7 10. Nbd2 O-O 11. Qe2 c5 12. dxc5 d5 13. Qf2 Nd7 14. e5 Nxc5 15.
Bc2 Bd7 16. Nd4 b5 17. O-O a5 18. g4 b4 19. c4 Ne4 20. Nxe4 dxe4 21. Bxe4 Rac8
22. b3 f6 23. exf6 Qxf6 24. Ne2 g5 25. Rad1 Rcd8 26. Qa7 Bc8 27. Rxd8 Rxd8 28.
fxg5 Qxg5 29. Qf7+ Kh8 30. Nf4 Bd4+ 31. Kh1 Qg7 32. Ng6+ Kh7 33. Ne5+ Kh8 34.
Rd1 Bb6 35. Rxd8+ Bxd8 36. Ng6+ Kh7 37. Ne7+ 1-0

[Event "Offene Thüringer Seniorenmeisterschaft"]
[Site "Apolda"]
[Date "2024.02.21"]
[Round "6.4"]
[White "Heck, Norbert"]
[Black "Zipfel, Frank"]
[Result "1/2-1/2"]
[WhiteElo "2019"]
[BlackElo "2146"]
[PlyCount "113"]
[EventDate "2024.??.??"]
[WhiteTeam "SF Neuberg"]
[BlackTeam "fuß brothers Jena"]

1. d4 Nf6 2. Nf3 d6 3. g3 g6 4. Bg2 Bg7 5. O-O O-O 6. c4 Nc6 7. Nc3 Nd7 8. Be3
e5 9. Rc1 exd4 10. Nxd4 Nxd4 11. Bxd4 Ne5 12. b3 c6 13. h3 f5 14. f4 Nf7 15.
Bxg7 Kxg7 16. Qd4+ Qf6 17. Rfd1 Be6 18. Rd2 Qxd4+ 19. Rxd4 Rab8 20. e4 a6 21.
exf5 gxf5 22. Re1 Rfe8 23. Kf2 Bd7 24. Rxe8 Rxe8 25. Bf3 Rd8 26. a4 Kf6 27. Rd2
Be6 28. g4 b5 29. axb5 axb5 30. cxb5 cxb5 31. g5+ Kg7 32. Bd5 Bxd5 33. Rxd5 b4
34. Nb5 Rc8 35. Nd4 Rc3 36. Nxf5+ Kg6 37. Ne7+ Kg7 38. Nf5+ Kg6 39. Nd4 Rxh3
40. Rb5 h6 41. gxh6 Nxh6 42. Rxb4 Nf5 43. Nf3 Kh5 44. Ng5 Rc3 45. Ne4 Rd3 46.
Nf6+ Kg6 47. Ne8 Rd4 48. Rxd4 Nxd4 49. b4 Nb5 50. Ke3 Kf7 51. Nxd6+ Nxd6 52.
Kd4 Nb5+ 53. Kc5 Na3 54. Kd5 Kf6 55. Ke4 Nb5 56. f5 Na3 57. Kf4 1/2-1/2

[Event "Offene Thüringer Seniorenmeisterschaft"]
[Site "Apolda"]
[Date "2024.02.21"]
[Round "6.5"]
[White "Schrems, Hermann"]
[Black "Welke, Klaus"]
[Result "0-1"]
[WhiteElo "2040"]
[BlackElo "2140"]
[PlyCount "56"]
[EventDate "2024.??.??"]
[WhiteTeam "SC Emmendingen 1937 e.V."]
[BlackTeam "SF Nordost Berlin"]

1. d4 Nf6 2. Nf3 d5 3. g3 Bf5 4. Bg2 e6 5. c4 c6 6. Qb3 Qb6 7. c5 Qxb3 8. axb3
Na6 9. Nc3 Be7 10. Nh4 Bc2 11. Kd2 Bxb3 12. Ra3 Bc4 13. b3 Bb5 14. Nxb5 cxb5
15. Ra5 Nc7 16. Kc2 a6 17. Bf4 Rc8 18. Nf3 Nd7 19. Rb1 Nb8 20. Ne5 f6 21. Nf3
Nc6 22. Raa1 g5 23. Be3 Kd7 24. Nd2 Rcf8 25. f3 f5 26. Bg1 Bf6 27. Kd3 e5 28.
e4 exd4 0-1

[Event "Offene Thüringer Seniorenmeisterschaft"]
[Site "Apolda"]
[Date "2024.02.21"]
[Round "6.6"]
[White "Berghof, Axel"]
[Black "Kahn, Peter"]
[Result "1-0"]
[WhiteElo "2078"]
[BlackElo "1935"]
[PlyCount "81"]
[EventDate "2024.??.??"]
[WhiteTeam "SC Suhl"]
[BlackTeam "Siebenlehner SV"]

1. e4 e5 2. Nf3 Nc6 3. Bb5 g6 4. O-O Bg7 5. c3 a6 6. Ba4 d6 7. h3 Nge7 8. d4
Bd7 9. d5 Nb8 10. Bc2 O-O 11. c4 f5 12. exf5 gxf5 13. Nc3 Qe8 14. Ne2 Bc8 15.
Nh2 f4 16. Nc3 Bf5 17. Bxf5 Nxf5 18. Ne4 Nd7 19. Re1 Qg6 20. a4 Nf6 21. Nxf6+
Bxf6 22. Ra3 Rf7 23. Qd3 Rg7 24. Ng4 Kf7 25. Qxf5 Qxf5 26. Nh6+ Kg6 27. Nxf5
Kxf5 28. g4+ fxg3 29. fxg3 Rag8 30. Rf3+ Kg6 31. Ref1 Rf7 32. h4 Rgf8 33. Kg2
Be7 34. h5+ Kg7 35. Bh6+ Kg8 36. Bxf8 Rxf8 37. Rxf8+ Bxf8 38. Kf3 Bh6 39. Ke4
Kg7 40. Kf5 Kf7 41. g4 1-0

[Event "Offene Thüringer Seniorenmeisterschaft"]
[Site "Apolda"]
[Date "2024.02.21"]
[Round "6.7"]
[White "Haubt, Georg"]
[Black "Prüfer, Friedbert"]
[Result "0-1"]
[WhiteElo "2051"]
[BlackElo "2209"]
[PlyCount "62"]
[EventDate "2024.??.??"]
[WhiteTeam "SV Oberursel"]
[BlackTeam "TSG 1861 Taucha"]

1. d4 Nf6 2. Bf4 d5 3. e3 c5 4. dxc5 Nc6 5. Bb5 Qa5+ 6. Nc3 a6 7. Bxc6+ bxc6 8.
Qd4 e6 9. b4 Qa3 10. Nge2 a5 11. Rb1 axb4 12. Rxb4 Nd7 13. Ra4 Rxa4 14. Qxa4
Qxa4 15. Nxa4 e5 16. Bg3 f6 17. f4 h5 18. O-O h4 19. Be1 Ba6 20. Rf2 Nxc5 21.
Nac3 Bd6 22. Rf3 Ke7 23. Nc1 exf4 24. exf4 Ne6 25. N3e2 Rb8 26. f5 Ng5 27. Rc3
Bc4 28. Bf2 Ne4 29. Re3 Rb1 30. Rb3 Bxb3 31. axb3 Nc3 0-1

[Event "Offene Thüringer Seniorenmeisterschaft"]
[Site "Apolda"]
[Date "2024.02.21"]
[Round "6.8"]
[White "Brömel, Richard"]
[Black "Heller, Achim"]
[Result "1/2-1/2"]
[WhiteElo "2148"]
[BlackElo "2037"]
[PlyCount "31"]
[EventDate "2024.??.??"]
[WhiteTeam "SV Schott Jena"]
[BlackTeam "SG Ennepe-Ruhr-Süd e.V."]

1. d4 d5 2. Nf3 Nf6 3. Bf4 e6 4. e3 Bd6 5. Bg3 O-O 6. c3 c5 7. Bd3 Qc7 8. dxc5
Qxc5 9. Nbd2 Qc7 10. e4 Nbd7 11. Bc2 Re8 12. Qe2 e5 13. Rd1 Nc5 14. O-O Bg4 15.
Bh4 Nh5 16. Qe3 1/2-1/2

[Event "Offene Thüringer Seniorenmeisterschaft"]
[Site "Apolda"]
[Date "2024.02.21"]
[Round "6.10"]
[White "Sielicki, Tomasz"]
[Black "Einax, Claus-Dieter"]
[Result "1/2-1/2"]
[WhiteElo "1975"]
[BlackElo "2056"]
[PlyCount "42"]
[EventDate "2024.??.??"]
[WhiteTeam "Trojan Horse Warsaw"]
[BlackTeam "TSG Apolda"]

1. d4 d5 2. Bf4 Nf6 3. e3 e6 4. Nf3 Nbd7 5. Bd3 Be7 6. h3 a6 7. Nbd2 c5 8. c3
Qb6 9. Rb1 Qa5 10. O-O O-O 11. Ne5 Re8 12. Bg5 h6 13. Bh4 cxd4 14. exd4 Nxe5
15. dxe5 Nd7 16. Bxe7 Rxe7 17. f4 Qc5+ 18. Kh2 b5 19. Nb3 Qc7 20. Nd4 f6 21.
exf6 Nxf6 1/2-1/2

[Event "Offene Thüringer Seniorenmeisterschaft"]
[Site "Apolda"]
[Date "2024.02.21"]
[Round "6.11"]
[White "Waltenberger, Udo"]
[Black "Krüger, Erich"]
[Result "1/2-1/2"]
[WhiteElo "1987"]
[BlackElo "2137"]
[PlyCount "74"]
[EventDate "2024.??.??"]
[WhiteTeam "SV Eiche Reichenbrand"]
[BlackTeam "SF Essen-Katernberg 04/32 e.V."]

1. Nf3 Nf6 2. g3 g6 3. Bg2 Bg7 4. O-O O-O 5. d4 d6 6. c4 c6 7. Nc3 Qa5 8. h3
Be6 9. Qd3 Qa6 10. b3 d5 11. Ne5 dxc4 12. Nxc4 Rd8 13. Rd1 c5 14. d5 Nxd5 15.
Nxd5 Bxd5 16. Bb2 Nc6 17. Bxd5 e6 18. Bxg7 exd5 19. Ne5 Qxd3 20. Nxd3 Kxg7 21.
Nxc5 b6 22. Na4 d4 23. Rac1 Ne7 24. Nb2 Rd7 25. Rc4 Rad8 26. Nd3 b5 27. Rc5 Nd5
28. Ne5 Nc3 29. Rd2 Ne4 30. Nxd7 Nxd2 31. Rc7 Re8 32. Rxa7 Rxe2 33. Nc5 Nb1 34.
Rd7 Rxa2 35. Rxd4 Nc3 36. Rb4 Rc2 37. Ne4 Nxe4 1/2-1/2

[Event "Offene Thüringer Seniorenmeisterschaft"]
[Site "Apolda"]
[Date "2024.02.21"]
[Round "6.12"]
[White "Gast, Rainer"]
[Black "Von Otte, Wilhelm"]
[Result "1/2-1/2"]
[WhiteElo "1929"]
[BlackElo "2103"]
[PlyCount "23"]
[EventDate "2024.??.??"]
[WhiteTeam "SV Breitenworbis"]
[BlackTeam "TSG Ruhla"]

1. d4 d5 2. c4 e5 3. dxe5 d4 4. Nf3 Nc6 5. a3 a5 6. Nbd2 Bg4 7. h3 Be6 8. Nb3
Bxc4 9. Nbxd4 Nxd4 10. Nxd4 Qd7 11. Be3 Ne7 12. Qc2 1/2-1/2

[Event "Offene Thüringer Seniorenmeisterschaft"]
[Site "Apolda"]
[Date "2024.02.21"]
[Round "6.13"]
[White "Pfitzer, Norbert"]
[Black "Guder, Sibylle"]
[Result "0-1"]
[WhiteElo "2044"]
[BlackElo "1815"]
[PlyCount "111"]
[EventDate "2024.??.??"]
[WhiteTeam "SV Backnang"]
[BlackTeam "SF Berlin 1903 e.V."]

1. d4 d6 2. e4 g6 3. c4 Bg7 4. Nc3 Nc6 5. Be3 e5 6. Nge2 Bg4 7. f3 Bd7 8. d5
Nce7 9. Qd2 f5 10. g3 Nf6 11. Bg2 O-O 12. O-O a6 13. b4 fxe4 14. Nxe4 Nf5 15.
Bf2 Nxe4 16. fxe4 Nh6 17. h3 Nf7 18. Be3 Qe7 19. c5 c6 20. Nc3 Rad8 21. Rad1 h5
22. cxd6 Nxd6 23. Rxf8+ Qxf8 24. Rf1 Nf7 25. Bb6 Rc8 26. Bc5 Qd8 27. Qf2 Be8
28. dxc6 bxc6 29. Rd1 Qc7 30. Bf1 Qb7 31. Bc4 Bf8 32. a3 Bg7 33. Rd6 Kh7 34.
Rxg6 Nh6 35. Rd6 Bg6 36. Qd2 Be8 37. Qd3 Ra8 38. Rd8 a5 39. bxa5 Rxa5 40. Bb4
Ra8 41. Rxa8 Qxa8 42. Qd6 Qa7+ 43. Qc5 Qd7 44. Kg2 Qd2+ 45. Ne2 Qg5 46. Qe7 Qg6
47. Bd3 Ng8 48. Qc5 Qf6 49. Qf2 Qd8 50. Bc4 Nh6 51. Qe3 Bg6 52. Nc3 Qf6 53. a4
Nf7 54. a5 Bh6 55. Qf2 Qg7 56. Qe2 0-1

[Event "Offene Thüringer Seniorenmeisterschaft"]
[Site "Apolda"]
[Date "2024.02.21"]
[Round "6.14"]
[White "Stetefeldt, Mario"]
[Black "Witte, Ronald"]
[Result "0-1"]
[WhiteElo "1550"]
[BlackElo "1994"]
[PlyCount "78"]
[EventDate "2024.??.??"]
[WhiteTeam "SC 1998 Gotha"]
[BlackTeam "BSV 63 Chemie Weißensee"]

1. e4 c5 2. Nf3 d6 3. d4 cxd4 4. Nxd4 Nf6 5. f3 a6 6. c4 g6 7. Nc3 Bg7 8. Be3
O-O 9. Be2 Nc6 10. O-O Nxd4 11. Bxd4 Be6 12. Qd2 Rc8 13. b3 Qa5 14. Rfd1 Rfe8
15. Nd5 Qxd2 16. Rxd2 Nxd5 17. Bxg7 Kxg7 18. exd5 Bd7 19. a4 a5 20. Rb2 e6 21.
Rd1 e5 22. Bd3 Bf5 23. Re2 Bxd3 24. Rxd3 f5 25. Rde3 Kf6 26. g3 h5 27. h3 g5
28. g4 hxg4 29. hxg4 fxg4 30. fxg4 Kg6 31. Rf3 Rf8 32. Ref2 Rf4 33. Rg3 Rcf8
34. Re2 b6 35. Kg2 Rh8 36. Ree3 Rh4 37. Kg1 Rhxg4 38. Rxg4 Rxg4+ 39. Kf2 Kf5
0-1

[Event "Offene Thüringer Seniorenmeisterschaft"]
[Site "Apolda"]
[Date "2024.02.21"]
[Round "6.15"]
[White "Paus, Franz"]
[Black "Dötzel, Hartwig"]
[Result "1/2-1/2"]
[WhiteElo "1958"]
[BlackElo "1794"]
[PlyCount "60"]
[EventDate "2024.??.??"]
[WhiteTeam "Schachfüchse Kempen 1986 e.V."]
[BlackTeam "USV TU Dresden"]

1. d4 d5 2. c4 e6 3. Nf3 c6 4. g3 Nf6 5. Bg2 Nbd7 6. Qc2 Bd6 7. O-O O-O 8. b3
Qe7 9. Bb2 Re8 10. Nc3 Ba3 11. Bxa3 Qxa3 12. e4 dxe4 13. Nxe4 Nxe4 14. Qxe4 Nf6
15. Qc2 Qd6 16. Rad1 Qc7 17. Rfe1 Bd7 18. Ne5 Rac8 19. c5 Nd5 20. Nc4 Rf8 21.
Nd6 Rcd8 22. Ne4 Bc8 23. Ng5 Nf6 24. Be4 h6 25. Nf3 Kh8 26. Ne5 Nd7 27. Bd3
Nxe5 28. dxe5 Rd7 29. Qe2 Rfd8 30. Qe4 g6 1/2-1/2

[Event "Offene Thüringer Seniorenmeisterschaft"]
[Site "Apolda"]
[Date "2024.02.21"]
[Round "6.16"]
[White "Lehmann, Joachim"]
[Black "Brettschneider, Karl"]
[Result "1/2-1/2"]
[WhiteElo "1886"]
[BlackElo "1936"]
[PlyCount "48"]
[EventDate "2024.??.??"]
[WhiteTeam "Ilmenauer SV"]
[BlackTeam "SC Leinfelden"]

1. d4 f5 2. Nc3 Nf6 3. Bg5 e6 4. e4 fxe4 5. Nxe4 Be7 6. Bxf6 Bxf6 7. Nf3 O-O 8.
Bd3 d6 9. O-O Nc6 10. c3 e5 11. d5 Ne7 12. Nxf6+ gxf6 13. c4 Kh8 14. Nh4 f5 15.
g3 Ng6 16. Nxg6+ hxg6 17. f3 Kg7 18. Qc2 Bd7 19. Qc3 Qf6 20. b4 f4 21. g4 c6
22. Be4 Rac8 23. Qd2 c5 24. b5 Rce8 1/2-1/2

[Event "Offene Thüringer Seniorenmeisterschaft"]
[Site "Apolda"]
[Date "2024.02.21"]
[Round "6.17"]
[White "Stern, Geoffrey"]
[Black "Czyz, Andrzej"]
[Result "1-0"]
[WhiteElo "1967"]
[BlackElo "1803"]
[Annotator "Ruether,Rudolf"]
[PlyCount "75"]
[EventDate "2024.??.??"]
[WhiteTeam "Gambit Bonnevoie"]
[BlackTeam "Hetman Wschowa"]

1. d4 Nf6 2. Nc3 d5 3. Bf4 c6 4. e3 Bf5 5. f3 h5 6. Bd3 Bxd3 7. Qxd3 e6 8. Nge2
Bd6 9. O-O-O Bxf4 10. Nxf4 Qc7 11. Qd2 Nbd7 12. e4 O-O-O 13. Kb1 Kb8 14. e5 Ng8
15. Nd3 Nh6 16. Na4 b6 17. Nc3 a6 18. Qe2 Ka7 19. g4 hxg4 20. fxg4 c5 21. dxc5
bxc5 22. Rhe1 Rb8 23. Ka1 Qa5 24. h3 Rb7 25. Qd2 Rhb8 26. b3 c4 27. bxc4 dxc4
28. Nf4 Nc5 29. Rb1 Rd7 30. Qe3 Rd3 31. Nxd3 cxd3 32. Rxb8 Kxb8 33. Rb1+ Kc8
34. Ne4 dxc2 35. Nd6+ Kc7 36. Rc1 Na4 37. Qa7+ Kc6 38. Qa8+ {Zeitüberschreitun
eitüberschreitung} 1-0

[Event "Offene Thüringer Seniorenmeisterschaft"]
[Site "Apolda"]
[Date "2024.02.21"]
[Round "6.18"]
[White "Schmieder, Siegfried"]
[Black "Wünsch, Ulrich"]
[Result "0-1"]
[WhiteElo "1857"]
[BlackElo "1936"]
[PlyCount "59"]
[EventDate "2024.??.??"]
[WhiteTeam "SG Schwäbisch Gmünd 1872 e.V"]
[BlackTeam "USG Chemnitz"]

1. e4 c5 2. Nc3 a6 3. a4 e6 4. f4 d6 5. Nf3 Be7 6. Bc4 Nc6 7. d3 Nf6 8. Ba2 Qc7
9. O-O O-O 10. Qe1 Nd4 11. Qd1 Bd7 12. Ne2 b5 13. Nexd4 cxd4 14. Kh1 Qc5 15.
Bb3 bxa4 16. Bxa4 Bxa4 17. Rxa4 e5 18. h3 Qb5 19. b3 Nd7 20. g4 f6 21. f5 d5
22. exd5 Nb6 23. Ra2 Nxd5 24. Bd2 Bb4 25. Qe1 Rfc8 26. Rf2 Bc3 27. Ra4 Ne3 28.
Qc1 Bxd2 29. Rxd2 Qb7 30. Qd1 0-1

[Event "Offene Thüringer Seniorenmeisterschaft"]
[Site "Apolda"]
[Date "2024.02.21"]
[Round "6.19"]
[White "Schreyer, Klaus"]
[Black "Flis, Pawel"]
[Result "1/2-1/2"]
[WhiteElo "1842"]
[BlackElo "1932"]
[PlyCount "103"]
[EventDate "2024.??.??"]
[WhiteTeam "SV 1910 Kahla"]
[BlackTeam "RPW Okucia Budowlane Lodz"]

1. e4 e5 2. Nf3 Nc6 3. d4 exd4 4. Bc4 Nf6 5. Nxd4 Nxe4 6. Nxc6 bxc6 7. O-O d5
8. Re1 Bc5 9. Be3 O-O 10. Bxc5 Nxc5 11. Bd3 Rb8 12. b3 Qf6 13. Nd2 Nxd3 14.
cxd3 Bf5 15. Qc2 Rfe8 16. Rac1 h6 17. Nf1 Qd6 18. Ne3 Bd7 19. Qc5 Qxc5 20. Rxc5
Rb5 21. Rcc1 a5 22. d4 Kf8 23. Rc5 Rxc5 24. dxc5 d4 25. Nc2 Rxe1+ 26. Nxe1 Bf5
27. Kf1 Bb1 28. a3 Ba2 29. Nf3 Bxb3 30. Nxd4 Bd5 31. g3 Ke7 32. Ke2 Kf6 33. Ke3
g5 34. f3 Ke5 35. f4+ gxf4+ 36. gxf4+ Kf6 37. h3 Bg2 38. h4 Kg6 39. Kf2 Be4 40.
Kg3 Bd5 41. Kg4 f5+ 42. Kg3 Kf6 43. Kf2 Be4 44. Ke3 Kg6 45. Kf2 Kf7 46. Ke3 Ke7
47. Kf2 Bd5 48. Ke3 Be4 49. Kf2 Kf7 50. Kg3 Kf6 51. Kf2 Kg7 52. Kg3 1/2-1/2

[Event "Offene Thüringer Seniorenmeisterschaft"]
[Site "Apolda"]
[Date "2024.02.21"]
[Round "6.20"]
[White "Streit, Jürgen"]
[Black "Rost, Detlef"]
[Result "0-1"]
[WhiteElo "1827"]
[BlackElo "1894"]
[Annotator "Ruether,Rudolf"]
[PlyCount "105"]
[EventDate "2024.??.??"]
[WhiteTeam "Schachzirkel Elstertal Langenb."]
[BlackTeam "SV Medizin Erfurt"]

1. e4 c5 2. Nf3 Nc6 3. Bb5 e6 4. d3 Nge7 5. Bg5 Qa5+ 6. Nc3 Nd4 7. Bxe7 Bxe7 8.
Bc4 b5 9. Bb3 O-O 10. O-O Nxb3 11. axb3 Qb6 12. Qe2 Bb7 13. Ne5 Rad8 14. Rad1
a6 15. Kh1 Qc7 16. Nf3 d5 17. exd5 exd5 18. d4 Bf6 19. Qd2 c4 20. bxc4 Qxc4 21.
Ne2 Rfe8 22. Ng3 b4 23. Rfe1 Rc8 24. Nh5 Be7 25. Rxe7 Rxe7 26. Qg5 f6 27. Nxf6+
Kh8 28. Rc1 Qc7 29. Nxd5 Bxd5 30. Qxd5 Re2 31. c4 Rxf2 32. b3 Rd8 33. Qe4 Rb2
34. Ng5 g6 35. Ne6 Re8 36. d5 Rd2 37. Qe1 Rxe6 38. Qxd2 Rf6 39. Re1 Qf7 40. Qd4
Kg8 41. Kg1 Rf4 42. Qe5 Qa7+ 43. Qe3 Qxe3+ 44. Rxe3 Rd4 45. Kf2 a5 46. Ke2 Kf7
47. Rd3 Rh4 48. d6 Ke8 49. h3 a4 50. bxa4 Rxc4 51. Kd2 b3 52. Rxb3 Rxa4 53. Ke3
{Zeitueberschreitung} 0-1

[Event "Offene Thüringer Seniorenmeisterschaft"]
[Site "Apolda"]
[Date "2024.02.21"]
[Round "6.21"]
[White "Klein, Gernot"]
[Black "Schmidt, Matthias"]
[Result "1-0"]
[WhiteElo "1680"]
[BlackElo "1888"]
[Annotator "Ruether,Rudolf"]
[PlyCount "59"]
[EventDate "2024.??.??"]
[WhiteTeam "Post-Telekom SV 1925 Aachen e.V."]
[BlackTeam "SC Wolfratshausen 1948 e.V."]

1. e4 c5 2. Nf3 d6 3. d4 cxd4 4. Nxd4 Nf6 5. Nc3 g6 6. Be3 Bg7 7. f3 Nc6 8. Bc4
O-O 9. Qd2 Bd7 10. Bb3 Qa5 11. O-O-O Rfc8 12. Kb1 Ne5 13. g4 b5 14. h4 Nc4 15.
Bxc4 Rxc4 16. Nb3 Qa6 17. h5 b4 18. Nd5 Nxd5 19. exd5 Rac8 20. Rc1 f5 $2 21.
hxg6 hxg6 22. Bd4 Rxd4 23. Nxd4 Qc4 24. Ne6 Bxe6 25. dxe6 fxg4 26. fxg4 a5 27.
Qh2 Qd4 28. Qh7+ Kf8 29. Rhf1+ Ke8 30. Qg8+ 1-0

[Event "Offene Thüringer Seniorenmeisterschaft"]
[Site "Apolda"]
[Date "2024.02.21"]
[Round "6.24"]
[White "Mitschka, Manfred"]
[Black "Auerswald, Klaus"]
[Result "1-0"]
[WhiteElo "1740"]
[BlackElo "1669"]
[PlyCount "77"]
[EventDate "2024.??.??"]
[WhiteTeam "SK Neuburg"]
[BlackTeam "SV Jenapharm Jena"]

1. d4 d5 2. Nf3 e6 3. c4 c6 4. e3 Nf6 5. b3 Nbd7 6. Bd3 Bd6 7. Bb2 b6 8. O-O
Bb7 9. Nbd2 O-O 10. Rc1 Re8 11. Ne5 c5 12. Nxd7 Nxd7 13. dxc5 bxc5 14. Qh5 h6
15. cxd5 exd5 16. Qf5 g6 17. Qh3 Bf8 18. Bb5 Re7 19. Nf3 Rc8 20. Rfd1 a6 21.
Bd3 Bg7 22. Bxg7 Kxg7 23. Qg3 Qc7 24. Qg4 Nf6 25. Qh4 Qd6 26. Nd2 Rce8 27. Bb1
d4 28. Nc4 Qd5 29. f3 g5 30. Qf2 dxe3 31. Nxe3 Rxe3 32. Rxd5 Bxd5 33. h3 Re2
34. Qf1 c4 35. b4 R8e3 36. a3 Nh5 37. Rc3 Rxg2+ 38. Qxg2 Rxc3 39. Qb2 1-0

[Event "Offene Thüringer Seniorenmeisterschaft"]
[Site "Apolda"]
[Date "2024.02.21"]
[Round "6.25"]
[White "Reimers, Christine"]
[Black "Pichl, Michael"]
[Result "1-0"]
[WhiteElo "1605"]
[BlackElo "1796"]
[PlyCount "33"]
[EventDate "2024.??.??"]
[WhiteTeam "Itzehoer SV von 1923"]
[BlackTeam "SV Empor Erfurt"]

1. f4 c5 2. Nf3 g6 3. e4 Bg7 4. d3 Nc6 5. c3 d5 6. Qc2 Nf6 7. e5 Ng4 8. h3 Nh6
9. Qf2 O-O 10. Be2 f6 11. Qxc5 fxe5 12. fxe5 Nxe5 13. Nxe5 Bxe5 14. Bxh6 Bg3+
15. Kd1 Rf2 16. Rf1 Rxg2 17. Rf8+ 1-0

[Event "Offene Thüringer Seniorenmeisterschaft"]
[Site "Apolda"]
[Date "2024.02.21"]
[Round "6.26"]
[White "Lein, Andreas"]
[Black "Geike, Eberhard"]
[Result "1-0"]
[WhiteElo "1709"]
[BlackElo "1743"]
[Annotator "Ruether,Rudolf"]
[PlyCount "100"]
[EventDate "2024.??.??"]
[WhiteTeam "Erfurter SK"]
[BlackTeam "Telestar Berlin"]

1. e4 e5 2. Nf3 Nc6 3. d4 exd4 4. Nxd4 d6 5. Bb5 Bd7 6. O-O Be7 7. Nxc6 bxc6 8.
Bc4 Nf6 9. Nc3 O-O 10. Bb3 Rb8 11. Bf4 Bg4 12. Qd4 Rb7 13. h3 Be6 14. Rfd1 Nh5
15. Be3 c5 16. Qd2 c6 17. Qe2 Nf6 18. Bxc5 Qc7 19. Be3 Qa5 20. Bf4 Ne8 21. Qf3
Rd7 22. Ba4 Rc7 23. Qg3 Qc5 24. Bb3 Rd7 25. Ne2 Qh5 26. Nd4 Bh4 27. Qe3 Bxb3
28. axb3 Bf6 29. g4 Qc5 30. c3 Qb6 31. g5 Be7 32. Qf3 c5 33. Nf5 Qxb3 34. Nxe7+
Rxe7 35. Bxd6 Nxd6 36. Rxd6 Qxb2 37. Rda6 Qb8 38. R6a5 Qb6 39. Qe3 Rc7 40. c4
f6 41. Ra6 Qb2 42. Rxa7 Rxa7 43. Rxa7 fxg5 44. e5 Qb1+ 45. Kg2 h6 46. e6 Qf5
47. e7 Re8 48. Qf3 Qe6 49. Qd5 Kf7 50. Qxc5 Qe4+ {Zeitüberschreitung} 1-0

[Event "Offene Thüringer Seniorenmeisterschaft"]
[Site "Apolda"]
[Date "2024.02.21"]
[Round "6.27"]
[White "Langner, Hans-Rainer"]
[Black "Mankus, Siegfried"]
[Result "0-1"]
[WhiteElo "1583"]
[BlackElo "1522"]
[PlyCount "96"]
[EventDate "2024.??.??"]
[WhiteTeam "Tempelhofer SV Mariendorf 1897"]
[BlackTeam "Spvg Zabo-Eintracht Nürnberg e.V"]

1. d4 e6 2. a3 d5 3. Bf4 Nf6 4. Nf3 c5 5. c3 Nc6 6. Nbd2 Qb6 7. Nb3 c4 8. Nc5
Bxc5 9. dxc5 Qxc5 10. e3 Bd7 11. Be2 h6 12. O-O O-O 13. b4 cxb3 14. Qxb3 Na5
15. Qb2 b6 16. Rfc1 Rac8 17. Be5 Qe7 18. Ba6 Nc4 19. Qe2 Nxe5 20. Nxe5 Rc7 21.
a4 Ne4 22. Nxd7 Qxd7 23. Bb5 Qe7 24. Qb2 Qf6 25. Ra3 Nd6 26. Qa2 Nc4 27. Bxc4
Rxc4 28. Qb3 Rfc8 29. g3 R8c5 30. Rc2 Qd8 31. Qa2 Qc7 32. Qb2 Qc6 33. Qb3 Ra5
34. Rca2 Kf8 35. Qc2 g6 36. h4 Rac5 37. Qe2 Rxc3 38. Rxc3 Rxc3 39. Qa6 Rc1+ 40.
Kh2 d4 41. f3 Rc2+ 42. Rxc2 Qxc2+ 43. Kh3 dxe3 44. Qxa7 e2 45. Qb8+ Kg7 46.
Qe5+ Kh7 47. Qf6 Qf5+ 48. Qxf5 exf5 0-1

[Event "Offene Thüringer Seniorenmeisterschaft"]
[Site "Apolda"]
[Date "2024.02.22"]
[Round "7.1"]
[White "Cap, Piotr"]
[Black "Belke, Frank"]
[Result "1/2-1/2"]
[WhiteElo "2105"]
[BlackElo "2144"]
[PlyCount "21"]
[EventDate "2024.??.??"]
[WhiteTeam "RPW Okucia Budowlane Lodz"]
[BlackTeam "SK Hitzing-Wien"]

1. d4 Nf6 2. Bf4 d5 3. e3 g6 4. h3 Bg7 5. Nf3 c5 6. c3 Qb6 7. Qb3 c4 8. Qxb6
axb6 9. Nbd2 b5 10. Bxb8 Rxb8 11. Be2 1/2-1/2